Домашняя работа по русскому языку за 5 класс (Запись № 236536)

Подробности
000 -МАРКЕР
контрольное поле 02198nam0a2200385 4500
001 - ИДЕНТИФИКАТОР ЗАПИСИ
контрольное поле RU\NLR\bibl\955735
005 - ИДЕНТИФИКАТОР ВЕРСИИ
контрольное поле 20260405125328.0
010 ## - МЕЖДУНАРОДНЫЙ СТАНДАРТНЫЙ НОМЕР КНИГИ (ISBN)
Номер (ISBN) 5-472-01515-4
Тираж 10000
021 ## - НОМЕР ГОСУДАРСТВЕННОЙ РЕГИСТРАЦИИ
Код страны российская федерация
Номер 2006-26111
Номер Листа государственной регистраци 1298
035 ## - ДРУГИЕ СИСТЕМНЫЕ НОМЕРА
Идентификатор записи (NLR Aleph) 000943800
100 ## - ДАННЫЕ ОБЩЕЙ ОБРАБОТКИ
Данные общей обработки 20060601d2006 |||y0rusy50 ca
101 0# - ЯЗЫК РЕСУРСА
Язык текста, звукозаписи и т.д. русский
102 ## - СТРАНА ПУБЛИКАЦИИ ИЛИ ПРОИЗВОДСТВА
Страна публикации российская федерация
105 ## - ПОЛЕ КОДИРОВАННЫХ ДАННЫХ: ТЕКСТОВЫЕ МАТЕРИАЛЫ, МОНОГРАФИЧЕСКИЕ
Кодированные данные о монографическом текстовом документе y |||||||||
200 1# - ЗАГЛАВИЕ И СВЕДЕНИЯ ОБ ОТВЕТСТВЕННОСТИ
Основное заглавие Домашняя работа по русскому языку за 5 класс
Сведения, относящиеся к заглавию к учебнику "Русский язык: учеб. для 5 кл. общеобразоват. учреждений / М. М. Разумовская, С. И. Львова, В. И. Капинос и др.; под ред. М. М Разумовской, П. А. Леканта. - М.: Дрофа, 2002-2004"
-- учебно-методическое пособие
Первые сведения об ответственности А. В. Климова, Н. А. Сальникова
205 ## - СВЕДЕНИЯ ОБ ИЗДАНИИ
Сведения об издании [Новая ред.]
210 ## - ПУБЛИКАЦИЯ, РАСПРОСТРАНЕНИЕ И ДР.
Место издания, распространения и т.д. Москва
Имя издателя, распространителя и т. д. Экзамен
Дата издания, распространения и т.д. 2006
215 ## - ФИЗИЧЕСКАЯ ХАРАКТЕРИСТИКА
Специфическое обозначение материала и объем 95 с.
Размеры 20
225 1# - СЕРИЯ
Основное заглавие серии Серия Решебник
300 ## - ОБЩИЕ ПРИМЕЧАНИЯ
Текст примечания На обл.: Домашняя работа по русскому языку: 5
300 ## - ОБЩИЕ ПРИМЕЧАНИЯ
Текст примечания На обл. авт. не указаны
422 #0 - ИЗДАНИЕ, К КОТОРОМУ ОТНОСИТСЯ ПРИЛОЖЕНИЕ
Встроенное поле 2001#$aРусский язык$eучеб. для 5 кл. общеобразоват. учреждений$fМ. М. Разумовская, С. И. Львова, В. И. Капинос и др.$gпод ред. М. М Разумовской, П. А. Леканта
-- 210##$aМосква$cДрофа$d2002-2004
Заглавие Русский язык
512 1# - ЗАГЛАВИЕ ОБЛОЖКИ
Заглавие обложки Домашняя работа по русскому языку
Сведения, относящиеся к заглавию 5
606 1# - НАИМЕНОВАНИЕ ТЕМЫ КАК ПРЕДМЕТ
Наименование темы Русский язык
Формальный подзаголовок Учебные издания для средней школы
Системный номер авторитетной/нормативной записи 1533567
Идентификатор авторитетной/нормативной записи RU\NLR\auth\66969347
686 ## - ИНДЕКСЫ ДРУГИХ КЛАССИФИКАЦИЙ
Индекс Ш141.12-922.1[5]
700 #1 - ИМЯ ЛИЦА - ПЕРВИЧНАЯ ОТВЕТСТВЕННОСТЬ
Код отношения Автор
Материалы, к которым относится поле rus
Графика поля Кириллица
Начальный элемент ввода Климова
Часть имени, кроме начального элемента ввода А. В.
Расширение инициалов личного имени Анастасия Владимировна
Идентификатор авторитетной/нормативной записи RU\NLR\AUTH\7750663
Системный номер авторитетной/нормативной записи 33597
701 #1 - ИМЯ ЛИЦА - АЛЬТЕРНАТИВНАЯ ОТВЕТСТВЕННОСТЬ
Начальный элемент ввода Сальникова
Часть имени, кроме начального элемента ввода Н. А.
Расширение инициалов личного имени Надежда Александровна
Код отношения Автор
801 #0 - ИСТОЧНИК ЗАПИСИ
Страна российская федерация
Организация NLR
Дата составления 20060601
Правила каталогизации rcr
801 #1 - ИСТОЧНИК ЗАПИСИ
Страна российская федерация
Организация NLR
Дата составления 20060601
830 ## - ОБЩЕЕ ПРИМЕЧАНИЕ, СОСТАВЛЕННОЕ КАТАЛОГИЗАТОРОМ
Текст примечания авт. по кн.
942 ## - ДОПОЛНИТЕЛЬНЫЕ ЭЛЕМЕНТЫ ЗАПИСИ (АБИС)
Тип экземпляра АБИС Книга
980 ## - КОЛЛЕКЦИЯ
Название коллекции Национальная библиография
Экземпляры
Тип экземпляра Дата поступления Источник поступления Библиотека постоянного хранения Библиотека текущего хранения Место хранения Шифр хранения Штрих-код Статус не для выдачи
Книга 01.06.2006 Обязательный экземпляр РНБ (Московский) РНБ (Московский) Русский книжный фонд: издания с 1957 года, 3этаж 2006-4/21388 2205846  
Книга 01.06.2006 Обязательный экземпляр РНБ (Московский) РНБ (Московский) Обменный фонд   2205850